| 000 | 01951nam a2200469 i 4500 | ||
|---|---|---|---|
| 001 | ebr10856114 | ||
| 003 | CaPaEBR | ||
| 006 | m o d | ||
| 007 | cr cn||||||||| | ||
| 008 | 140415t20142014enkab ob 001 0 eng d | ||
| 020 | _z9781409464457 | ||
| 020 | _a9781409464464 (e-book) | ||
| 020 | _z9781409464471 (epub) | ||
| 040 |
_aCaPaEBR _beng _erda _epn _cCaPaEBR |
||
| 035 | _a(OCoLC)875819025 | ||
| 050 | 1 | 4 |
_aCC72.4 _b.P37 2014eb |
| 082 | 0 | 4 |
_a303.4 _223 |
| 245 | 0 | 0 |
_aPast mobilities : _barchaeological approaches to movement and mobility / _cedited by Jim Leary. |
| 264 | 1 |
_aFarnham, Surrey, England ; _aBurlington, Vermont : _bAshgate, _c2014. |
|
| 264 | 4 | _c�2014 | |
| 300 |
_a1 online resource (219 pages) : _billustrations, tables, maps |
||
| 336 |
_atext _2rdacontent |
||
| 337 |
_acomputer _2rdamedia |
||
| 338 |
_aonline resource _2rdacarrier |
||
| 504 | _aIncludes bibliographical references at the end of each chapters and index. | ||
| 588 | _aDescription based on print version record. | ||
| 590 | _aElectronic reproduction. Palo Alto, Calif. : ebrary, 2014. Available via World Wide Web. Access may be limited to ebrary affiliated libraries. | ||
| 650 | 0 | _aSocial archaeology. | |
| 650 | 0 |
_aMigration, Internal _xHistory. |
|
| 650 | 0 | _aSocial evolution. | |
| 650 | 0 | _aSocial change. | |
| 650 | 0 | _aCivilization, Ancient. | |
| 650 | 0 | _aExcavations (Archaeology) | |
| 650 | 0 | _aAntiquities, Prehistoric. | |
| 650 | 0 | _aIdea (Philosophy) | |
| 650 | 0 | _aMemetics. | |
| 655 | 0 | _aElectronic books. | |
| 700 | 1 |
_aLeary, Jim, _eeditor. |
|
| 776 | 0 | 8 |
_iPrint version: _tPast mobilities : archaeological approaches to movement and mobility. _dFarnham, Surrey, England ; Burlington, Vermont : Ashgate, c2014 _hxii, 204 pages _z9781409464457 _w2013042232 |
| 797 | 2 | _aebrary. | |
| 856 | 4 | 0 |
_uhttp://site.ebrary.com/lib/rucke/Doc?id=10856114 _zAn electronic book accessible through the World Wide Web; click to view |
| 999 |
_c208144 _d208144 |
||